Cat breeds - Statistics

General Stats
  • This quiz has been taken 15 times
  • The average score is 5 of 15
Answer Stats
Answer % Correct
Siamese
79%
Persian
57%
Ragdoll
50%
Burmese
43%
Sphynx
43%
Abyssinian
36%
Bengal
36%
Maine coon
36%
Calico
29%
Birman
21%
Bobtail
21%
Munchkin
21%
Rex
21%
Savannah
14%
Siberian
14%
No matching quizzes found
Score Distribution
Percent of People with Each Score
Percentile by Number Answered
Your Score History
You have not taken this quiz